000 02168cam a22005054i 4500
003 PE-LiUPU
005 20250731172713.0
008 150617s r 000 0 d
020 _a0800619358
035 _a(Sirsi) i9780800619350
040 _aPE-LiUPU
_bspa
_cPE-LiUPU
_erda
049 _aPRUA
082 0 4 _a220.60904
_bR46
_221
100 1 _aGraf Reventlow, Henning,
_eautor.
245 1 0 _aProblems of biblical theology in the twentieth century /
_cHenning Graf Reventlow.
264 1 _aPhiladelphia :
_bFortess Press,
_c1986.
300 _a118 páginas ;
_c22 centímetros.
336 _atext
_2rdacontent
337 _aunmediated
_2rdamedia
338 _avolume
_2rdacarrier
505 0 _aThe anglo-saxon 'biblical theology movement' -- The relationship between the old testament and the new -- The model of an ongoing salvation history.-The typological approach -- The sensus plenior debate -- Promise and fulfilment -- The superiority of the old testament -- Excursus: Israel and the church -- The problem of the canon -- New approaches to a biblical theology.
526 _aSEG42
526 _aSEG41
526 _aSEG40
526 _aSEG39
526 _aP94
526 _aP87
526 _aP86
526 _aP85
526 _aP77
526 _aP76
526 _aP35
630 _aBIBLIA
_pN.T.
_xTEOLOGIA.
650 0 4 _aTEOLOGIA BIBLICA
_xHISTORIA
_ySiglo XX.
910 _ajck
_bjvq
_cjck
_d20150616
942 _2ddc
_cBOOK
949 _a220.60904 R46
_wDEWEY
_c1
_i34626
_lCCODEBUL1
_mBUL
_r0
_sY
_tBOOK
_u2015-6-17
_xTEOLOGIA
_PP35
_0COMPRA
_o.STAFF. Colección General
949 _a220.60904 R46
_wDEWEY
_c2
_i34625
_lCCODEBUL1
_mBUL
_r0
_sY
_tBOOK
_u2015-6-17
_xTEOLOGIA
_PP35
_0COMPRA
_o.STAFF. Colección General
994 _aC0
_bPEPRU
596 _a1
999 _a220.60904 R46
_wDEWEY
_c722
_i34626
_f2021-11-9
_g5
_lCCODEBUL1
_mBUL
_r0
_sY
_tBOOK
_u2015-6-17
_xTEOLOGIA
_PP35
_0COMPRA
_o.STAFF. Colección General
_d722
999 _a220.60904 R46
_wDEWEY
_c2
_i34625
_f2021-11-9
_g5
_lCCODEBUL1
_mBUL
_r0
_sY
_tBOOK
_u2015-6-17
_xTEOLOGIA
_PP35
_0COMPRA
_o.STAFF. Colección General
980 _81
_gALBERTO SANCHEZ Responsable de Automatización